[Event "We celebrate our 86th anniversary, and 51 years with the same venue."]
[Site "Øbro skakforening"]
[Date "2022.09.08"]
[Round "9.1"]
[White "Hillarp-Persson, Tiger"]
[Black "Hector, Jonny"]
[Result "1-0"]
[BlackElo "2463"]
[WhiteElo "2514"]
[LiveChessVersion "1.4.6"]

1. e4 {[%clk 1:30:53]} e5 {[%clk 1:30:46]} 2. Nf3 {[%clk 1:31:16]} Nc6
{[%clk 1:31:03]} 3. Bc4 {[%clk 1:31:39]} Nf6 {[%clk 1:31:13]} 4. d3
{[%clk 1:32:03]} Bc5 {[%clk 1:31:18]} 5. c3 {[%clk 1:32:11]} a6 {[%clk 1:29:02]}
6. O-O {[%clk 1:32:13]} Ba7 {[%clk 1:29:04]} 7. Re1 {[%clk 1:30:47]} d6
{[%clk 1:28:26]} 8. a4 {[%clk 1:30:31]} h6 {[%clk 1:23:56]} 9. Nbd2
{[%clk 1:25:26]} g5 {[%clk 1:18:57]} 10. Nf1 {[%clk 1:03:47]} g4 {[%clk 1:18:23]}
11. N3d2 {[%clk 0:58:28]} Be6 {[%clk 1:13:32]} 12. b4 {[%clk 0:49:10]} h5
{[%clk 1:06:54]} 13. Nb3 {[%clk 0:40:45]} d5 {[%clk 0:59:29]} 14. exd5
{[%clk 0:40:53]} Nxd5 {[%clk 0:59:40]} 15. b5 {[%clk 0:29:30]} Qf6
{[%clk 0:57:05]} 16. Be3 {[%clk 0:18:56]} Nxe3 {[%clk 0:54:22]} 17. Nxe3
{[%clk 0:16:41]} Ne7 {[%clk 0:52:21]} 18. d4 {[%clk 0:16:20]} Rd8
{[%clk 0:48:25]} 19. bxa6 {[%clk 0:15:52]} bxa6 {[%clk 0:48:23]} 20. Qe2
{[%clk 0:15:06]} Ng6 {[%clk 0:45:43]} 21. Bxe6 {[%clk 0:10:12]} Qxe6
{[%clk 0:45:00]} 22. Qc4 {[%clk 0:08:58]} O-O {[%clk 0:35:56]} 23. Rad1
{[%clk 0:06:26]} Nf4 {[%clk 0:31:37]} 24. Qxc7 {[%clk 0:04:32]} Bb6
{[%clk 0:19:27]} 25. Qc4 {[%clk 0:04:54]} Qg6 {[%clk 0:19:36]} 26. Qxa6
{[%clk 0:04:04]} exd4 {[%clk 0:14:13]} 27. Nxd4 {[%clk 0:03:55]} Rfe8
{[%clk 0:11:59]} 28. a5 {[%clk 0:03:11]} Nh3+ {[%clk 0:05:05]} 29. gxh3
{[%clk 0:02:48]} gxh3+ {[%clk 0:04:15]} 30. Kf1 {[%clk 0:02:40]} Rd6
{[%clk 0:02:33]} 31. axb6 {[%clk 0:02:48]} Rf6 {[%clk 0:01:15]} 32. Qd3
{[%clk 0:02:11]} Qg5 {[%clk 0:01:09]} 33. b7 {[%clk 0:01:47]} Qf4
{[%clk 0:01:20]} 34. Nef5 {[%clk 0:01:57]} Rxe1+ {[%clk 0:01:04]} 35. Rxe1
{[%clk 0:02:14]} 1-0

[Event "We celebrate our 86th anniversary, and 51 years with the same venue."]
[Site "Øbro skakforening"]
[Date "2022.09.08"]
[Round "9.2"]
[White "Ramsdal, Jens Albert"]
[Black "Rozentalis, Eduardas"]
[Result "0-1"]
[BlackElo "2493"]
[WhiteElo "2304"]
[LiveChessVersion "1.4.6"]

1. d4 {[%clk 1:29:19]} e6 {[%clk 1:30:04]} 2. c4 {[%clk 1:28:43]} Nf6
{[%clk 1:30:24]} 3. Nc3 {[%clk 1:28:35]} Bb4 {[%clk 1:30:51]} 4. Qc2
{[%clk 1:28:57]} d6 {[%clk 1:31:01]} 5. Bg5 {[%clk 1:28:38]} Nbd7
{[%clk 1:30:41]} 6. e3 {[%clk 1:28:37]} Bxc3+ {[%clk 1:27:48]} 7. Qxc3
{[%clk 1:25:49]} b6 {[%clk 1:27:51]} 8. Bd3 {[%clk 1:21:59]} Bb7 {[%clk 1:26:14]}
9. Nf3 {[%clk 1:21:02]} Rc8 {[%clk 1:18:14]} 10. Nd2 {[%clk 1:15:23]} c5
{[%clk 1:14:44]} 11. O-O {[%clk 1:08:19]} O-O {[%clk 1:14:15]} 12. d5
{[%clk 0:58:35]} h6 {[%clk 1:03:07]} 13. Bh4 {[%clk 0:53:26]} exd5
{[%clk 0:50:17]} 14. Bf5 {[%clk 0:52:18]} Rc7 {[%clk 0:50:05]} 15. Rad1
{[%clk 0:49:26]} Ne5 {[%clk 0:43:09]} 16. f4 {[%clk 0:42:39]} Ng6
{[%clk 0:41:03]} 17. Bxg6 {[%clk 0:39:10]} fxg6 {[%clk 0:41:26]} 18. cxd5
{[%clk 0:39:23]} Bxd5 {[%clk 0:29:12]} 19. e4 {[%clk 0:39:11]} Ba8
{[%clk 0:27:37]} 20. Qb3+ {[%clk 0:35:52]} Kh7 {[%clk 0:24:12]} 21. Nc4
{[%clk 0:32:11]} Bxe4 {[%clk 0:22:03]} 22. Nxd6 {[%clk 0:32:05]} Qa8
{[%clk 0:21:43]} 23. Bxf6 {[%clk 0:28:49]} Rxf6 {[%clk 0:20:15]} 24. Qg3
{[%clk 0:22:32]} Bd5 {[%clk 0:12:08]} 25. Ne8 {[%clk 0:18:47]} Qxe8
{[%clk 0:12:13]} 26. Rxd5 {[%clk 0:19:14]} Rcf7 {[%clk 0:11:02]} 27. Rd2
{[%clk 0:17:32]} Rxf4 {[%clk 0:09:57]} 28. Rxf4 {[%clk 0:17:02]} Rxf4
{[%clk 0:10:11]} 29. h3 {[%clk 0:15:55]} Rd4 {[%clk 0:07:39]} 30. Rxd4
{[%clk 0:14:43]} cxd4 {[%clk 0:07:55]} 31. Qd3 {[%clk 0:15:04]} Qe1+
{[%clk 0:07:27]} 32. Kh2 {[%clk 0:15:32]} Qf2 {[%clk 0:06:32]} 33. b4
{[%clk 0:15:37]} Qf4+ {[%clk 0:06:19]} 34. Kg1 {[%clk 0:15:57]} Qc1+
{[%clk 0:06:37]} 35. Kf2 {[%clk 0:16:23]} Qb2+ {[%clk 0:06:57]} 0-1

[Event "We celebrate our 86th anniversary, and 51 years with the same venue."]
[Site "Øbro skakforening"]
[Date "2022.09.08"]
[Round "9.3"]
[White "Nielsen, Viktor Haarmark"]
[Black "Hamitevici, Vladimir"]
[Result "1/2-1/2"]
[BlackElo "2473"]
[WhiteElo "2336"]
[LiveChessVersion "1.4.6"]

1. d4 {[%clk 1:30:04]} e6 {[%clk 1:22:53]} 2. c4 {[%clk 1:30:24]} b6
{[%clk 1:22:21]} 3. e4 {[%clk 1:30:30]} Bb7 {[%clk 1:22:22]} 4. Bd3
{[%clk 1:30:49]} Bb4+ {[%clk 1:21:58]} 5. Kf1 {[%clk 1:31:13]} Be7
{[%clk 1:22:13]} 6. Nc3 {[%clk 1:27:11]} d6 {[%clk 1:21:41]} 7. Nf3
{[%clk 1:26:52]} Nf6 {[%clk 1:21:38]} 8. h4 {[%clk 1:26:27]} c5 {[%clk 1:18:06]}
9. d5 {[%clk 1:26:40]} Bc8 {[%clk 1:16:55]} 10. h5 {[%clk 1:18:14]} h6
{[%clk 1:14:33]} 11. Ne2 {[%clk 1:18:24]} O-O {[%clk 1:12:45]} 12. Ng3
{[%clk 1:16:02]} Na6 {[%clk 1:11:56]} 13. Bd2 {[%clk 1:13:00]} Nc7
{[%clk 1:11:13]} 14. a4 {[%clk 1:10:58]} Rb8 {[%clk 1:07:59]} 15. Qc1
{[%clk 0:59:44]} e5 {[%clk 1:06:48]} 16. Ne1 {[%clk 0:56:54]} Nh7
{[%clk 1:05:30]} 17. Nc2 {[%clk 0:57:16]} Bg5 {[%clk 1:05:53]} 18. Bxg5
{[%clk 0:56:33]} Qxg5 {[%clk 1:04:53]} 19. Qxg5 {[%clk 0:54:25]} hxg5
{[%clk 1:05:21]} 20. Ne3 {[%clk 0:54:47]} g6 {[%clk 1:05:42]} 21. hxg6
{[%clk 0:42:16]} fxg6 {[%clk 1:05:45]} 22. Ne2 {[%clk 0:42:33]} Ne8
{[%clk 1:05:29]} 23. Nc3 {[%clk 0:42:28]} Rb7 {[%clk 1:05:36]} 24. Ke2
{[%clk 0:40:01]} Rbf7 {[%clk 1:03:51]} 25. Raf1 {[%clk 0:39:55]} Nhf6
{[%clk 1:03:20]} 26. Ke1 {[%clk 0:38:24]} a6 {[%clk 1:03:04]} 27. Be2
{[%clk 0:38:32]} g4 {[%clk 1:01:22]} 28. Rh4 {[%clk 0:37:14]} Rh7
{[%clk 1:00:22]} 29. Rxh7 {[%clk 0:34:54]} Kxh7 {[%clk 1:00:49]} 30. Rh1+
{[%clk 0:34:43]} Kg7 {[%clk 1:01:12]} 31. Rh4 {[%clk 0:32:13]} Nc7
{[%clk 1:00:04]} 32. Rh1 {[%clk 0:25:05]} Bd7 {[%clk 0:57:54]} 33. g3
{[%clk 0:22:06]} Rb8 {[%clk 0:53:59]} 34. Kd2 {[%clk 0:17:00]} b5
{[%clk 0:54:01]} 35. axb5 {[%clk 0:16:31]} axb5 {[%clk 0:54:28]} 36. cxb5
{[%clk 0:14:54]} Bxb5 {[%clk 0:54:50]} 37. Bxg4 {[%clk 0:12:42]} Nxg4
{[%clk 0:55:10]} 38. Nxg4 {[%clk 0:13:06]} Bd7 {[%clk 0:55:36]} 39. Ne3
{[%clk 0:13:03]} Rxb2+ {[%clk 0:56:00]} 40. Nc2 {[%clk 0:13:22]} Bc8
{[%clk 0:50:33]} 41. Rb1 {[%clk 0:12:12]} Rxb1 {[%clk 0:50:57]} 42. Nxb1
{[%clk 0:12:35]} Ba6 {[%clk 0:49:49]} 43. Nc3 {[%clk 0:12:31]} Ne8
{[%clk 0:49:14]} 44. Ne3 {[%clk 0:10:30]} Nf6 {[%clk 0:49:36]} 45. Ng2
{[%clk 0:06:54]} Kf7 {[%clk 0:48:08]} 46. Ne1 {[%clk 0:04:51]} Ke7
{[%clk 0:44:22]} 47. Nd3 {[%clk 0:03:26]} g5 {[%clk 0:41:13]} 48. Ne1
{[%clk 0:00:37]} Ng4 {[%clk 0:35:48]} 49. f3 {[%clk 0:14:23]} Nh6
{[%clk 0:44:50]} 50. Ke3 {[%clk 0:13:06]} Nf7 {[%clk 0:41:51]} 51. f4
{[%clk 0:10:05]} g4 {[%clk 0:37:33]} 52. Ng2 {[%clk 0:08:31]} Kd7
{[%clk 0:35:44]} 53. Kf2 {[%clk 0:07:35]} Kc7 {[%clk 0:34:28]} 54. Ne3
{[%clk 0:07:55]} Nh6 {[%clk 0:33:36]} 55. fxe5 {[%clk 0:06:43]} dxe5
{[%clk 0:34:00]} 56. Na4 {[%clk 0:06:41]} Kd6 {[%clk 0:33:35]} 57. Nb2
{[%clk 0:06:50]} Nf7 {[%clk 0:30:46]} 58. Nbc4+ {[%clk 0:06:52]} Kc7
{[%clk 0:30:44]} 59. Nd2 {[%clk 0:04:47]} Bc8 {[%clk 0:29:06]} 60. Ke2
{[%clk 0:03:59]} Kb6 {[%clk 0:28:54]} 61. Kd3 {[%clk 0:04:22]} Ba6+
{[%clk 0:24:17]} 62. Kc3 {[%clk 0:04:37]} Be2 {[%clk 0:24:14]} 63. Nec4+
{[%clk 0:04:17]} Kb5 {[%clk 0:22:45]} 64. Na3+ {[%clk 0:04:34]} Kb6
{[%clk 0:20:51]} 65. Ndc4+ {[%clk 0:04:09]} Ka6 {[%clk 0:19:06]} 66. Kd2
{[%clk 0:04:26]} Bf3 {[%clk 0:19:07]} 67. Ke3 {[%clk 0:04:40]} Bh1
{[%clk 0:19:14]} 68. Nd2 {[%clk 0:04:16]} Ka5 {[%clk 0:18:54]} 69. Nac4+
{[%clk 0:04:40]} Kb4 {[%clk 0:19:04]} 70. d6 {[%clk 0:04:49]} Bf3
{[%clk 0:16:50]} 71. d7 {[%clk 0:05:10]} Bd1 {[%clk 0:17:05]} 72. Nxe5
{[%clk 0:05:28]} Nd8 {[%clk 0:17:30]} 73. Ndc4 {[%clk 0:04:56]} Kc3
{[%clk 0:14:44]} 74. Nd6 {[%clk 0:04:15]} Ba4 {[%clk 0:14:47]} 75. Kf4
{[%clk 0:03:19]} Kd4 {[%clk 0:12:47]} 76. Nf5+ {[%clk 0:03:25]} Kc3
{[%clk 0:13:15]} 77. Nd6 {[%clk 0:03:50]} Kd4 {[%clk 0:13:38]} 78. Nf5+
{[%clk 0:03:46]} Kc3 {[%clk 0:14:03]} 79. Kxg4 {[%clk 0:03:59]} c4
{[%clk 0:14:18]} 80. Nd6 {[%clk 0:03:35]} Kd4 {[%clk 0:14:37]} 81. Ndxc4
{[%clk 0:02:58]} Kxe4 {[%clk 0:14:24]} 82. Kg5 {[%clk 0:03:11]} Ne6+
{[%clk 0:13:17]} 83. Kf6 {[%clk 0:03:36]} Bxd7 {[%clk 0:13:42]} 84. Nd6+
{[%clk 0:03:58]} Kd5 {[%clk 0:13:50]} 85. Nxd7 {[%clk 0:03:57]} Kxd6
{[%clk 0:14:14]} 86. Ne5 {[%clk 0:04:16]} Kd5 {[%clk 0:14:11]} 87. g4
{[%clk 0:04:34]} Nc5 {[%clk 0:14:17]} 88. Nf7 {[%clk 0:02:56]} Ne4+
{[%clk 0:13:35]} 89. Kf5 {[%clk 0:03:21]} Ng3+ {[%clk 0:13:59]} 90. Kf4
{[%clk 0:03:47]} Ne2+ {[%clk 0:14:24]} 91. Kf5 {[%clk 0:03:38]} Ng3+
{[%clk 0:14:33]} 92. Kf4 {[%clk 0:03:17]} Ne2+ {[%clk 0:14:58]} 93. Ke3
{[%clk 0:03:42]} Nc3 {[%clk 0:13:41]} 94. g5 {[%clk 0:03:42]} Ke6
{[%clk 0:13:57]} 95. Nh6 {[%clk 0:03:56]} Ke5 {[%clk 0:13:54]} 96. g6
{[%clk 0:03:57]} Kf6 {[%clk 0:14:19]} 97. g7 {[%clk 0:04:24]} Kxg7
{[%clk 0:14:43]} 98. Ke4 1/2-1/2

[Event "We celebrate our 86th anniversary, and 51 years with the same venue."]
[Site "Øbro skakforening"]
[Date "2022.09.08"]
[Round "9.4"]
[White "Korley, Kassa"]
[Black "Ravi, Rakshitta"]
[Result "1-0"]
[BlackElo "2111"]
[WhiteElo "2432"]
[LiveChessVersion "1.4.6"]

1. Nf3 {[%clk 1:30:56]} Nf6 {[%clk 1:29:53]} 2. g3 {[%clk 1:31:02]} d5
{[%clk 1:30:01]} 3. Bg2 {[%clk 1:31:19]} e6 {[%clk 1:30:25]} 4. O-O
{[%clk 1:31:40]} Be7 {[%clk 1:30:40]} 5. c4 {[%clk 1:32:01]} O-O {[%clk 1:30:57]}
6. d3 {[%clk 1:32:23]} c5 {[%clk 1:30:09]} 7. d4 {[%clk 1:29:52]} dxc4
{[%clk 1:23:53]} 8. dxc5 {[%clk 1:30:15]} Bxc5 {[%clk 1:18:31]} 9. Qc2
{[%clk 1:30:23]} Qe7 {[%clk 1:05:40]} 10. Ne5 {[%clk 1:22:09]} Nc6
{[%clk 0:54:04]} 11. Nxc6 {[%clk 1:22:00]} bxc6 {[%clk 0:54:30]} 12. Nd2
{[%clk 1:17:48]} c3 {[%clk 0:50:52]} 13. bxc3 {[%clk 1:08:16]} Ba6
{[%clk 0:48:21]} 14. c4 {[%clk 1:06:42]} Rab8 {[%clk 0:44:09]} 15. Qa4
{[%clk 1:03:49]} Bc8 {[%clk 0:37:19]} 16. Nb3 {[%clk 1:03:12]} Bd6
{[%clk 0:28:29]} 17. Rd1 {[%clk 0:50:49]} Rd8 {[%clk 0:18:11]} 18. Be3
{[%clk 0:33:26]} Rb4 {[%clk 0:13:50]} 19. Qxa7 {[%clk 0:32:48]} Rd7
{[%clk 0:11:56]} 20. Qa8 {[%clk 0:31:05]} Rb8 {[%clk 0:10:06]} 21. Qa5
{[%clk 0:29:48]} Ng4 {[%clk 0:05:18]} 22. Bc5 {[%clk 0:28:09]} Bxc5
{[%clk 0:03:19]} 23. Nxc5 {[%clk 0:23:46]} Rxd1+ {[%clk 0:01:38]} 24. Rxd1
{[%clk 0:24:11]} h6 {[%clk 0:02:00]} 25. Qd8+ {[%clk 0:23:49]} Qxd8
{[%clk 0:02:24]} 26. Rxd8+ {[%clk 0:24:11]} Kh7 {[%clk 0:02:52]} 27. Bxc6
{[%clk 0:23:50]} Ne5 {[%clk 0:01:36]} 28. Bb5 {[%clk 0:23:09]} Ra8
{[%clk 0:01:29]} 29. f4 {[%clk 0:22:10]} Ng4 {[%clk 0:01:55]} 30. a4
{[%clk 0:22:10]} e5 {[%clk 0:00:53]} 31. Bd7 {[%clk 0:21:34]} 1-0

[Event "We celebrate our 86th anniversary, and 51 years with the same venue."]
[Site "Øbro skakforening"]
[Date "2022.09.08"]
[Round "9.5"]
[White "Brynell, Stellan"]
[Black "Schmidt, Kristen"]
[Result "1-0"]
[BlackElo "2273"]
[WhiteElo "2387"]
[LiveChessVersion "1.4.6"]

1. e4 {[%clk 1:30:56]} c5 {[%clk 1:30:45]} 2. Nf3 {[%clk 1:31:20]} e6
{[%clk 1:31:04]} 3. c3 {[%clk 1:31:33]} Nf6 {[%clk 1:31:09]} 4. e5
{[%clk 1:31:57]} Nd5 {[%clk 1:31:34]} 5. d4 {[%clk 1:32:21]} cxd4
{[%clk 1:31:57]} 6. cxd4 {[%clk 1:32:47]} d6 {[%clk 1:30:31]} 7. Bc4
{[%clk 1:33:11]} Nb6 {[%clk 1:30:02]} 8. Bd3 {[%clk 1:32:44]} Bd7
{[%clk 1:24:42]} 9. O-O {[%clk 1:31:23]} Bc6 {[%clk 1:23:42]} 10. Nc3
{[%clk 1:29:57]} Be7 {[%clk 1:17:59]} 11. exd6 {[%clk 1:20:49]} Qxd6
{[%clk 1:15:28]} 12. Ne5 {[%clk 1:20:43]} Qxd4 {[%clk 1:07:07]} 13. Nxf7
{[%clk 1:20:37]} Bf8 1-0

[Event "We celebrate our 86th anniversary, and 51 years with the same venue."]
[Site "Øbro skakforening"]
[Date "2022.09.08"]
[Round "9.6"]
[White "Johansson, Thomas"]
[Black "Hilwerda, Jonas"]
[Result "0-1"]
[BlackElo "2273"]
[WhiteElo "2209"]
[LiveChessVersion "1.4.6"]

1. d4 {[%clk 1:30:52]} Nf6 {[%clk 1:30:38]} 2. Nf3 {[%clk 1:30:30]} g6
{[%clk 1:30:04]} 3. g3 {[%clk 1:30:03]} Bg7 {[%clk 1:29:17]} 4. Bg2
{[%clk 1:30:26]} O-O {[%clk 1:29:40]} 5. O-O {[%clk 1:30:51]} d5 {[%clk 1:25:39]}
6. a4 {[%clk 1:24:23]} c5 {[%clk 1:22:55]} 7. c3 {[%clk 1:20:42]} cxd4
{[%clk 1:19:40]} 8. cxd4 {[%clk 1:20:57]} Nc6 {[%clk 1:14:37]} 9. Nc3
{[%clk 1:14:31]} Ne4 {[%clk 1:14:24]} 10. Bf4 {[%clk 1:12:23]} Bf5
{[%clk 1:04:49]} 11. Ra3 {[%clk 1:00:42]} Na5 {[%clk 0:54:34]} 12. Qc1
{[%clk 0:48:55]} Rc8 {[%clk 0:50:07]} 13. Bh6 {[%clk 0:47:02]} Qb6
{[%clk 0:46:26]} 14. Bxg7 {[%clk 0:44:59]} Kxg7 {[%clk 0:46:18]} 15. Qf4
{[%clk 0:40:48]} Qxb2 {[%clk 0:42:14]} 16. Nxe4 {[%clk 0:32:19]} Qxa3
{[%clk 0:28:48]} 17. Nc5 {[%clk 0:27:36]} b6 {[%clk 0:24:30]} 18. g4
{[%clk 0:24:29]} Bxg4 {[%clk 0:21:05]} 19. Ne5 {[%clk 0:24:52]} Be6
{[%clk 0:15:08]} 20. Ncd3 {[%clk 0:23:17]} Qd6 {[%clk 0:12:12]} 21. Qh4
{[%clk 0:22:42]} f6 {[%clk 0:10:51]} 22. Nf3 {[%clk 0:22:35]} Rc2
{[%clk 0:08:59]} 23. Nf4 {[%clk 0:17:44]} Bf7 {[%clk 0:08:49]} 24. Qg4
{[%clk 0:16:25]} e5 {[%clk 0:07:44]} 25. Nh4 {[%clk 0:13:06]} Kh8
{[%clk 0:07:13]} 26. Nfxg6+ {[%clk 0:09:11]} Bxg6 {[%clk 0:05:37]} 27. Nxg6+
{[%clk 0:09:20]} hxg6 {[%clk 0:06:01]} 28. Qxg6 {[%clk 0:09:41]} Rc7
{[%clk 0:06:10]} 29. dxe5 {[%clk 0:08:47]} Qxe5 {[%clk 0:05:55]} 30. Qh6+
{[%clk 0:08:51]} Kg8 {[%clk 0:06:23]} 31. Rd1 {[%clk 0:09:09]} Rh7
{[%clk 0:03:55]} 32. Bxd5+ {[%clk 0:03:23]} Qxd5 {[%clk 0:04:20]} 33. Qg6+
{[%clk 0:03:46]} Rg7 {[%clk 0:04:44]} 0-1

[Event "We celebrate our 86th anniversary, and 51 years with the same venue."]
[Site "Øbro skakforening"]
[Date "2022.09.08"]
[Round "9.7"]
[White "Nilssen, John Arni"]
[Black "Kistrup, Nicolai"]
[Result "1-0"]
[BlackElo "2308"]
[WhiteElo "2334"]
[LiveChessVersion "1.4.6"]

1. c4 {[%clk 1:29:43]} e5 {[%clk 1:27:31]} 2. g3 {[%clk 1:30:06]} Nf6
{[%clk 1:24:36]} 3. Bg2 {[%clk 1:30:29]} c6 {[%clk 1:15:04]} 4. d4
{[%clk 1:23:55]} exd4 {[%clk 1:08:56]} 5. Qxd4 {[%clk 1:24:17]} d5
{[%clk 1:07:08]} 6. cxd5 {[%clk 1:21:25]} cxd5 {[%clk 1:02:02]} 7. Nf3
{[%clk 1:15:46]} Nc6 {[%clk 1:00:35]} 8. Qa4 {[%clk 1:15:58]} Bc5
{[%clk 0:52:49]} 9. O-O {[%clk 1:15:34]} O-O {[%clk 0:50:12]} 10. a3
{[%clk 0:45:32]} Ne4 {[%clk 0:47:35]} 11. Nc3 {[%clk 0:42:49]} Nxc3
{[%clk 0:31:38]} 12. bxc3 {[%clk 0:43:16]} Qf6 {[%clk 0:22:42]} 13. Bg5
{[%clk 0:37:53]} Qf5 {[%clk 0:21:33]} 14. Bf4 {[%clk 0:35:56]} Re8
{[%clk 0:18:11]} 15. Rad1 {[%clk 0:24:19]} Be6 {[%clk 0:09:19]} 16. Qb5
{[%clk 0:21:17]} Bb6 {[%clk 0:04:26]} 17. a4 {[%clk 0:21:25]} Rad8
{[%clk 0:03:56]} 18. Nd4 {[%clk 0:09:43]} Nxd4 {[%clk 0:03:22]} 19. cxd4
{[%clk 0:10:06]} Bd7 {[%clk 0:03:20]} 20. Qb4 {[%clk 0:10:31]} Rc8
{[%clk 0:03:24]} 21. a5 {[%clk 0:07:27]} Rc4 {[%clk 0:02:56]} 22. Qb2
{[%clk 0:07:28]} Bxa5 {[%clk 0:01:28]} 23. Qxb7 {[%clk 0:07:40]} Bb6
{[%clk 0:00:59]} 24. Qxd5 {[%clk 0:05:07]} Qxd5 {[%clk 0:01:01]} 25. Bxd5
{[%clk 0:05:31]} Rc2 {[%clk 0:00:34]} 26. e3 {[%clk 0:03:26]} Bh3
{[%clk 0:00:33]} 27. Bg2 {[%clk 0:03:35]} Bg4 {[%clk 0:00:43]} 28. Rb1
{[%clk 0:03:05]} Rec8 {[%clk 0:00:51]} 29. Be4 {[%clk 0:03:12]} R2c3
{[%clk 0:00:49]} 30. Bb7 {[%clk 0:03:02]} R8c4 {[%clk 0:00:37]} 31. Kg2
{[%clk 0:02:36]} Rc2 {[%clk 0:00:38]} 32. Be4 {[%clk 0:02:50]} R2c3
{[%clk 0:00:49]} 33. Be5 {[%clk 0:02:40]} Be6 {[%clk 0:00:32]} 34. d5
{[%clk 0:02:00]} Rxe4 {[%clk 0:00:51]} 35. Bxc3 {[%clk 0:02:21]} Bxd5
{[%clk 0:01:17]} 36. Kg1 {[%clk 0:02:23]} h5 {[%clk 0:00:48]} 37. Rfd1
{[%clk 0:01:51]} Be6 {[%clk 0:00:56]} 38. Bd4 {[%clk 0:02:02]} Bg4
{[%clk 0:01:08]} 39. Rd2 {[%clk 0:02:11]} h4 {[%clk 0:00:34]} 40. Bxb6
{[%clk 0:02:31]} axb6 {[%clk 0:00:59]} 41. Rd8+ {[%clk 0:02:02]} Kh7
{[%clk 0:01:18]} 42. Rd4 {[%clk 0:02:26]} Bf5 {[%clk 0:00:38]} 43. Rxe4
{[%clk 0:01:42]} Bxe4 {[%clk 0:01:03]} 44. Rb4 {[%clk 0:01:14]} f5
{[%clk 0:05:02]} 45. gxh4 {[%clk 0:15:56]} Kh6 {[%clk 0:05:21]} 46. Rxb6+
{[%clk 0:15:26]} Kh5 {[%clk 0:05:45]} 47. Rb4 {[%clk 0:15:50]} Kg4
{[%clk 0:04:40]} 48. Rd4 {[%clk 0:13:33]} g6 {[%clk 0:02:55]} 49. Rd6
{[%clk 0:13:34]} f4 {[%clk 0:01:32]} 50. Rf6 {[%clk 0:12:15]} Bf5
{[%clk 0:01:25]} 51. exf4 {[%clk 0:11:49]} Kxf4 {[%clk 0:00:46]} 52. h3
{[%clk 0:09:33]} Ke5 {[%clk 0:01:07]} 53. Rf8 {[%clk 0:09:03]} Bxh3
{[%clk 0:01:03]} 54. Kh2 {[%clk 0:09:27]} Be6 {[%clk 0:00:51]} 55. Kg3
{[%clk 0:09:44]} Bf5 {[%clk 0:00:54]} 56. Kf3 {[%clk 0:09:13]} Bd7
{[%clk 0:00:39]} 57. Ke3 {[%clk 0:09:28]} Bg4 {[%clk 0:00:39]} 58. Ra8
{[%clk 0:09:07]} Bf5 {[%clk 0:00:38]} 59. Ra5+ {[%clk 0:09:30]} Kf6
{[%clk 0:00:59]} 60. Kf4 {[%clk 0:09:55]} 1-0

[Event "We celebrate our 86th anniversary, and 51 years with the same venue."]
[Site "Øbro skakforening"]
[Date "2022.09.08"]
[Round "9.8"]
[White "Løftgaard, Mikkel Vinh"]
[Black "Jacobsen, Mikkel Manosri"]
[Result "1-0"]
[BlackElo "2320"]
[WhiteElo "2238"]
[LiveChessVersion "1.4.6"]

1. e4 {[%clk 1:30:58]} c6 {[%clk 1:03:31]} 2. d4 {[%clk 1:31:22]} d5
{[%clk 1:03:57]} 3. exd5 {[%clk 1:31:47]} cxd5 {[%clk 1:04:21]} 4. c4
{[%clk 1:32:12]} Nf6 {[%clk 1:04:47]} 5. Nc3 {[%clk 1:32:38]} g6 {[%clk 1:04:48]}
6. Bg5 {[%clk 1:31:53]} Bg7 {[%clk 1:05:12]} 7. Nf3 {[%clk 1:31:44]} O-O
{[%clk 1:05:36]} 8. Bxf6 {[%clk 1:31:57]} Bxf6 {[%clk 1:06:01]} 9. cxd5
{[%clk 1:30:54]} Nd7 {[%clk 1:01:54]} 10. Bc4 {[%clk 1:29:05]} Nb6
{[%clk 1:02:05]} 11. Bb3 {[%clk 1:29:30]} Bg4 {[%clk 1:02:25]} 12. O-O
{[%clk 1:29:34]} a5 {[%clk 1:01:24]} 13. a4 {[%clk 1:25:14]} Rc8 {[%clk 1:01:33]}
14. h3 {[%clk 1:25:22]} Bxf3 {[%clk 1:01:51]} 15. Qxf3 {[%clk 1:25:51]} Bxd4
{[%clk 1:02:11]} 16. Rac1 {[%clk 1:23:21]} Bxc3 {[%clk 0:59:38]} 17. bxc3
{[%clk 1:18:05]} Rc5 {[%clk 0:54:53]} 18. Rfd1 {[%clk 1:16:46]} Nc8
{[%clk 0:54:49]} 19. Qe3 {[%clk 1:16:04]} Qc7 {[%clk 0:53:30]} 20. Re1
{[%clk 1:09:55]} Rd8 {[%clk 0:52:14]} 21. h4 {[%clk 1:04:12]} Rd7
{[%clk 0:51:17]} 22. h5 {[%clk 1:03:29]} Nd6 {[%clk 0:49:11]} 23. h6
{[%clk 0:59:01]} Nf5 {[%clk 0:47:18]} 24. Qd2 {[%clk 0:57:06]} Qb6
{[%clk 0:46:39]} 25. Ba2 {[%clk 0:57:05]} Qf6 {[%clk 0:46:44]} 26. Re4
{[%clk 0:55:39]} Rdc7 {[%clk 0:30:07]} 27. c4 {[%clk 0:53:09]} Nd6
{[%clk 0:30:27]} 28. Rg4 {[%clk 0:49:56]} Qe5 {[%clk 0:28:55]} 29. g3
{[%clk 0:47:20]} Ne4 {[%clk 0:22:29]} 30. Qe3 {[%clk 0:45:07]} f5
{[%clk 0:22:40]} 31. Rh4 {[%clk 0:44:55]} Qb2 {[%clk 0:22:20]} 32. Bb3
{[%clk 0:43:08]} Nd2 {[%clk 0:18:00]} 33. Rc3 {[%clk 0:40:14]} Rxd5
{[%clk 0:11:35]} 34. cxd5 {[%clk 0:35:22]} Rxc3 {[%clk 0:11:46]} 35. d6+
{[%clk 0:31:34]} Qxb3 {[%clk 0:12:11]} 36. Qxd2 {[%clk 0:31:41]} Rd3
{[%clk 0:03:55]} 37. dxe7 {[%clk 0:28:42]} Qd1+ {[%clk 0:04:21]} 38. Kh2
{[%clk 0:27:12]} Kf7 {[%clk 0:04:21]} 39. Qb2 {[%clk 0:26:30]} Kxe7
{[%clk 0:03:59]} 40. Qg7+ {[%clk 0:26:34]} Kd8 {[%clk 0:01:19]} 41. Qg8+
{[%clk 0:25:12]} Kc7 {[%clk 0:01:30]} 42. Qxh7+ {[%clk 0:25:34]} Kb8
{[%clk 0:01:30]} 43. Qxg6 {[%clk 0:23:49]} Rf3 {[%clk 0:09:56]} 44. Rf4
{[%clk 0:37:33]} Rxf4 {[%clk 0:10:07]} 45. gxf4 {[%clk 0:37:29]} Qf3
{[%clk 0:10:28]} 46. Qg3 {[%clk 0:35:04]} Qh5+ {[%clk 0:10:34]} 47. Qh3
{[%clk 0:35:28]} Qe2 {[%clk 0:10:56]} 48. Qh4 {[%clk 0:35:36]} b5
{[%clk 0:10:35]} 49. h7 {[%clk 0:35:35]} 1-0